000
00283nam a22001217a 4500
082
_a
515.35
100
_a
Rafique, Muhammad
245
_a
Ordinary Differential Equations
260
_a
Rawalpindi :
_b
Nust,
_c
1997.
300
_a
141 p. ;
_b
29 cm.
500
_a
Paperback.
942
_c
BK
999
_c
34128
_d
34128